Las mil y una noches/Traductor, Alessia Lazcano (Registro nro. 19331)

Detalles MARC
000 -LEADER
fixed length control field 00542nam a22001931a 4500
001 - CONTROL NUMBER
control field 19331
003 - CONTROL NUMBER IDENTIFIER
control field OSt
005 - DATE AND TIME OF LATEST TRANSACTION
control field 20260204212448.0
008 - FIXED-LENGTH DATA ELEMENTS--GENERAL INFORMATION
fixed length control field 190427s2017||||spa||||||b||||||||||spa||
020 ## - NUMERO DE LIBRO INTERNACIONAL NORMALIZADO
International Standard Book Number 9788415089582
082 ## - DEWEY DECIMAL CLASSIFICATION NUMBER
Classification number 892.734 M637u
245 ## - TÍTULO PROPIAMENTE DICHO: SUBTÍTULO
Title Las mil y una noches/Traductor, Alessia Lazcano
264 ## - PRODUCTION, PUBLICATION, DISTRIBUTION, MANUFACTURE, AND COPYRIGHT NOTICE
Place of production, publication, distribution, manufacture Barcelona, España:Plutón
300 ## - PHYSICAL DESCRIPTION
Extensión 345 Páginas
500 ## - GENERAL NOTE
General note Colección travesíaIncluye índice
650 ## - ASIENTO SECUNDARIO DE MATERIA -- TERMINO TEMÁTICO
Termino Temático Como Elemento de Entrada Cuentos árabes-colecciones 2.Literatura árabe
700 ## - ASIENTO SECUNDARIO -- NOMBRE PERSONAL
Personal name Lazcano, AlessiaÌ
942 ## - ADDED ENTRY ELEMENTS (KOHA)
Source of classification or shelving scheme Dewey Decimal Classification
Koha item type Libros
Existencias
Withdrawn status Lost status Source of classification or shelving scheme Damaged status Not for loan Current library Date acquired Total Checkouts Full call number Barcode Date last seen Price effective from Koha item type Checked out Date last checked out
    Dewey Decimal Classification     Biblioteca UTECO 09/09/2019   892.734 M637U 019008 09/09/2019 09/09/2019 Libros    
    Dewey Decimal Classification     Biblioteca UTECO 09/09/2019   892.734 M637U 019009 09/09/2019 09/09/2019 Libros    
    Dewey Decimal Classification     Biblioteca UTECO 09/09/2019 1 892.734 M637U 019010 07/26/2023 09/09/2019 Libros 08/12/2023 07/26/2023
© 2021 Derechos Reservados UTECO - Teléfono: +1 809-585-2291 - Correo electrónico: biblioteca@uteco.edu.do​  
Código postal 43000 ​​
Dirección: Avenida Universitaria No. 100, 
Cotuí, Provincia Sánchez Ramírez, República Dominicana - RNC: 404-00059-6